000 00933nam a2200217Ia 4500
003 IN-BaIIA
008 211028s9999 xx 000 0 eng d
020 _a981-02-2073-1
040 _cIIA Library
080 _a530.1(082.2)
_bWHA
111 _aAnnual Montreal-Rochester-Syracuse-Toronto Meeting
_n16th
_cMontreal
_d1994 May 11-13
_922850
245 0 _aWhat next?-exploring the future of high-energy physics
_bproceedings of the sixteenth annual Montreal-Rochester-Syracuse-Toronto meeting held in McGill University, Montreal, 11-13 May 1994
_cedited by J. R. Cudell, K. R. Dienes and B. Margolis
260 _aSingapore
_bWorld Scientific
_c1994
300 _axvii, 311p.
650 _aHigh energy physics
_92205
650 _aParticle physics
_91847
700 _aCudell, J. R., ed.
_922851
700 _aDienes, K. R., ed.
_922852
700 _aMargolis, B., ed.
_922853
942 _cBK
999 _c13010
_d13010